| 000 | 00421nam a2200133Ia 4500 | ||
|---|---|---|---|
| 008 | 260210s9999 xx 000 0 und d | ||
| 024 | _a00B-007-BS & 00B-21-BS | ||
| 082 | _a004.67072 AMM | ||
| 100 | _aAmmar Asghar Rizvi & Nada Bokhari | ||
| 245 | 0 | _aPak Interact.com (WAP enabled Auction house) | |
| 260 |
_aKarachi: _bUITU, _c2000 |
||
| 600 | _aComputer Science | ||
| 650 | _aBachelor of Computer Science (BS) | ||
| 999 |
_c31698 _d31698 |
||